[Event "Madrid ch 2015"]
[Site "Madrid ESP"]
[Date "2015.06.06"]
[Round "8.1"]
[White "Ortega Ruiz, Jose Miguel"]
[Black "Candela Perez, Jose"]
[Result "1-0"]
[WhiteElo "2285"]
[BlackElo "2432"]
[PlyCount "95"]
[EventDate "2015.05.27"]
[EventType "k.o."]
[EventRounds "5"]
[EventCountry "ESP"]
[Source "lmi"]
[SourceDate "2015.05.27"]
[WhiteClock "1:29:32"]
[BlackClock "0:02:04"]

1. e4 e5 2. Nf3 Nc6 3. d4 exd4 4. Bc4 Nf6 5. O-O Nxe4 6. Re1 d5 7. Bxd5 Qxd5 8.
Nc3 Qa5 9. Nxe4 Be6 10. Neg5 O-O-O 11. Nxe6 fxe6 12. Rxe6 Qf5 13. Qe2 h6 14.
Re4 g5 15. Bd2 Bg7 16. Re1 Qd5 17. Qd3 Qxa2 18. b4 a6 19. h4 Qd5 20. hxg5 hxg5
21. Bxg5 Rdf8 22. c4 Rxf3 23. Qxf3 Qxg5 24. Re8+ Rxe8 25. Rxe8+ Kd7 26. Re1 Kc8
27. b5 Ne5 28. Qe4 d3 29. f4 Qg6 30. Qd5 d2 31. Rd1 Nf7 32. Rxd2 Qf6 33. bxa6
Qxa6 34. Qxf7 Bd4+ 35. Kf1 Qa1+ 36. Ke2 Kb8 37. c5 Qa6+ 38. Kf3 Qc6+ 39. Kg4
Bxc5 40. Qg8+ Ka7 41. Ra2+ Kb6 42. Qb3+ Qb5 43. Qxb5+ Kxb5 44. Kf5 Kc4 45. Rc2+
Kd4 46. g4 b5 47. g5 b4 48. g6 1-0

[Event "Madrid ch 2015"]
[Site "Madrid ESP"]
[Date "2015.06.06"]
[Round "8.2"]
[White "Martin Duque, Jesus"]
[Black "Moreno Ruiz, Javier"]
[Result "0-1"]
[WhiteElo "2394"]
[BlackElo "2463"]
[PlyCount "82"]
[EventDate "2015.05.27"]
[EventType "k.o."]
[EventRounds "5"]
[EventCountry "ESP"]
[Source "lmi"]
[SourceDate "2015.05.27"]
[WhiteClock "0:00:41"]
[BlackClock "0:26:19"]

1. e4 c5 2. Nf3 g6 3. c4 Nc6 4. d4 cxd4 5. Nxd4 Nf6 6. Nc3 d6 7. Be2 Nxd4 8.
Qxd4 Bg7 9. Bg5 O-O 10. Qd2 a5 11. Rd1 Be6 12. Qe3 Nd7 13. Rxd6 h6 14. Rxd7
Qxd7 15. Bxh6 Rfd8 16. Bxg7 Kxg7 17. Nd5 Bxd5 18. cxd5 Qd6 19. O-O Rac8 20. Bg4
Rc7 21. Kh1 Qb4 22. f4 Rc4 23. Bf3 Qxb2 24. f5 Qe5 25. Qg5 Rh8 26. h3 Rc2 27.
Qg4 Rxa2 28. Bd1 Ra3 29. Bf3 b5 30. h4 b4 31. g3 Rc3 32. Rd1 Rd8 33. Kg1 b3 34.
h5 Rd6 35. Rf1 b2 36. fxg6 fxg6 37. h6+ Kxh6 38. Kg2 Kg7 39. Rh1 Rf6 40. Qh4
Rc2+ 41. Kh3 Rxf3 0-1

[Event "Madrid ch 2015"]
[Site "Madrid ESP"]
[Date "2015.06.07"]
[Round "9.1"]
[White "Candela Perez, Jose"]
[Black "Ortega Ruiz, Jose Miguel"]
[Result "0-1"]
[WhiteElo "2432"]
[BlackElo "2285"]
[PlyCount "182"]
[EventDate "2015.05.27"]
[EventType "k.o."]
[EventRounds "5"]
[EventCountry "ESP"]
[Source "lmi"]
[SourceDate "2015.05.27"]
[WhiteClock "0:00:21"]
[BlackClock "0:15:23"]

1. d4 Nf6 2. c4 e6 3. Nf3 d5 4. Nc3 c6 5. Bg5 dxc4 6. e4 b5 7. e5 h6 8. Bh4 g5
9. exf6 gxh4 10. Ne5 Bb4 11. Be2 Qxf6 12. O-O Bxc3 13. bxc3 Nd7 14. Bf3 Bb7 15.
a4 a6 16. axb5 axb5 17. Rxa8+ Bxa8 18. Qa1 Qd8 19. Qa3 b4 20. cxb4 Nxe5 21.
dxe5 O-O 22. Qe3 Qg5 23. Qc5 h3 24. Re1 Rd8 25. Qxc4 c5 26. Bxa8 Rxa8 27. Qe4
Ra4 28. f4 Qg4 29. Kh1 Rxb4 30. Qa8+ Kh7 31. gxh3 Qxf4 32. Qg2 Qf5 33. Rg1 Qe4
34. Rf1 Qxg2+ 35. Kxg2 Kg7 36. Rc1 c4 37. Kf3 Rb3+ 38. Kg4 c3 39. Kh5 f5 40.
Ra1 Rb7 41. Rg1+ Kh7 42. h4 c2 43. h3 f4 44. Rc1 Rc7 45. Kg4 Rc4 46. h5 Kg7 47.
Kf3 Kf7 48. Ke2 Rc3 49. Kd2 Rxh3 50. Rf1 Rh2+ 51. Kc1 Rxh5 52. Rxf4+ Rf5 53.
Re4 Rf2 54. Rg4 h5 55. Rg5 Rf5 56. Rg1 Rxe5 57. Kxc2 Rd5 58. Rf1+ Kg6 59. Rg1+
Kh6 60. Re1 Rd6 61. Rh1 Kg6 62. Kc3 Rd5 63. Kc4 Kf6 64. Rf1+ Ke7 65. Rh1 Kd6
66. Rh2 Ra5 67. Kd3 Ra3+ 68. Ke4 h4 69. Rd2+ Ke7 70. Rb2 h3 71. Kf4 Ra8 72.
Rb7+ Kf6 73. Rh7 Ra4+ 74. Kg3 Ra3+ 75. Kf4 e5+ 76. Ke4 Ra4+ 77. Kf3 Kg5 78.
Rg7+ Kh6 79. Re7 h2 80. Re6+ Kg7 81. Kg2 Rh4 82. Kh1 Rh5 83. Ra6 Kf7 84. Rb6
Ke7 85. Ra6 Kd7 86. Rb6 e4 87. Rb4 Rh4 88. Rb6 e3 89. Rb3 Rh3 90. Rb6 e2 91.
Rb1 Rd3 0-1

[Event "Madrid ch 2015"]
[Site "Madrid ESP"]
[Date "2015.06.07"]
[Round "10.1"]
[White "Ortega Ruiz, Jose Miguel"]
[Black "Candela Perez, Jose"]
[Result "0-1"]
[WhiteElo "2285"]
[BlackElo "2432"]
[PlyCount "52"]
[EventDate "2015.05.27"]
[EventType "k.o."]
[EventRounds "5"]
[EventCountry "ESP"]
[Source "lmi"]
[SourceDate "2015.05.27"]
[WhiteClock "0:21:11"]
[BlackClock "0:16:59"]

1. d4 g6 2. Nf3 Bg7 3. c3 Nf6 4. h3 d6 5. Bf4 O-O 6. e3 b6 7. a4 a6 8. Nbd2 Bb7
9. Bd3 c5 10. O-O Nbd7 11. Bh2 Rc8 12. Qe2 a5 13. e4 cxd4 14. cxd4 Nb8 15. Bb5
Rc2 16. Qd3 Rxb2 17. Rac1 Bh6 18. g4 Ne8 19. g5 Bg7 20. Qc3 Rb4 21. Rb1 Rxb1
22. Rxb1 Nc7 23. Bd3 Nca6 24. Rc1 Nb4 25. Bb1 Qd7 26. Qc7 Rc8 0-1

[Event "Madrid ch 2015"]
[Site "Madrid ESP"]
[Date "2015.06.07"]
[Round "11.1"]
[White "Candela Perez, Jose"]
[Black "Ortega Ruiz, Jose Miguel"]
[Result "0-1"]
[WhiteElo "2432"]
[BlackElo "2285"]
[PlyCount "138"]
[EventDate "2015.05.27"]
[EventType "k.o."]
[EventRounds "5"]
[EventCountry "ESP"]
[Source "lmi"]
[SourceDate "2015.05.27"]
[WhiteClock "0:00:07"]
[BlackClock "0:01:56"]

1. d4 d5 2. c4 c6 3. Nf3 Nf6 4. Nc3 dxc4 5. a4 Bf5 6. Ne5 Nbd7 7. Nxc4 Qc7 8.
g3 O-O-O 9. Bf4 e5 10. Nxe5 Nxe5 11. Bxe5 Bd6 12. Bxf6 gxf6 13. Bg2 h5 14. Qb3
Be6 15. d5 cxd5 16. Nxd5 Qa5+ 17. Qc3+ Qxc3+ 18. Nxc3 Bb4 19. O-O Rd2 20. Rac1
Kb8 21. Ne4 Rxe2 22. Nxf6 Rxb2 23. Rb1 Rxb1 24. Rxb1 a5 25. Nd5 Bc5 26. Rb5 Bd4
27. Ne7 Kc7 28. Rxb7+ Kd6 29. Nc6 Bc3 30. Rb6 Kc7 31. Rb5 h4 32. Rc5 Bd2 33.
Rc2 Bg5 34. Nxa5+ Kb6 35. Nc4+ Ka6 36. Bf1 hxg3 37. hxg3 Ka7 38. Ne3 Rg8 39.
Bc4 Bxe3 40. fxe3 Rxg3+ 41. Kf2 Rh3 42. Rc3 Bg4 43. Bxf7 Rf3+ 44. Kg2 Rxf7 45.
Rc4 Bd1 46. Rd4 Bb3 47. Rb4 Bd5+ 48. Kg1 Ka6 49. e4 Bc6 50. Rc4 Be8 51. Kg2 Ka5
52. Kg3 Bxa4 53. Kg4 Bb5 54. Rc5 Kb4 55. Rg5 Bd3 56. Rf5 Re7 57. Rf4 Bxe4 58.
Kg5 Kc3 59. Kf6 Re8 60. Kg5 Kd4 61. Rf6 Ke5 62. Ra6 Rg8+ 63. Kh6 Kf4 64. Rf6+
Bf5 65. Ra6 Rg1 66. Ra4+ Ke5 67. Ra6 Be6 68. Kh5 Kf6 69. Ra3 Rh1+ 0-1

[Event "Madrid ch 2015"]
[Site "Madrid ESP"]
[Date "2015.06.07"]
[Round "12.1"]
[White "Ortega Ruiz, Jose Miguel"]
[Black "Candela Perez, Jose"]
[Result "0-1"]
[WhiteElo "2285"]
[BlackElo "2432"]
[PlyCount "93"]
[EventDate "2015.05.27"]
[EventType "k.o."]
[EventRounds "5"]
[EventCountry "ESP"]
[Source "lmi"]
[SourceDate "2015.05.27"]
[WhiteClock "0:21:11"]
[BlackClock "0:16:59"]

1. d4 d5 2. c4 c6 3. e3 Nf6 4. Nf3 a6 5. Nc3 b5 6. cxd5 cxd5 7. Bd2 Bg4 8. Rc1
e6 9. Qb3 Bxf3 10. gxf3 Nbd7 11. Ne2 Be7 12. Rg1 O-O 13. Nf4 Nb6 14. Ba5 Qb8
15. Bxb6 Qxb6 16. Bd3 Bd6 17. Nh3 Rfc8 18. Rxc8+ Rxc8 19. f4 g6 20. Ke2 Qc6 21.
Ng5 Nd7 22. h4 Be7 23. Nf3 h5 24. f5 exf5 25. Bxf5 Rc7 26. Bd3 Bf6 27. Qd1 Nb6
28. Qd2 Nc4 29. Qc2 Bg7 30. Rc1 Na5 31. Qxc6 Rxc6 32. Rxc6 Nxc6 33. a4 bxa4 34.
Bxa6 Na7 35. Bb7 f6 36. Bxd5+ Kf8 37. Kd3 Ke7 38. Kc4 Kd6 39. Bf7 g5 40. hxg5
fxg5 41. Bxh5 Bf6 42. e4 Bd8 43. e5+ Kc6 44. d5+ Kb6 45. Be8 g4 46. Nh2 Bh4 47.
Nxg4 0-1

[Event "Madrid ch 2015"]
[Site "Madrid ESP"]
[Date "2015.06.09"]
[Round "13.1"]
[White "Ortega Ruiz, Jose Miguel"]
[Black "Moreno Ruiz, Javier"]
[Result "0-1"]
[WhiteElo "2285"]
[BlackElo "2463"]
[PlyCount "80"]
[EventDate "2015.05.27"]
[EventType "k.o."]
[EventRounds "5"]
[EventCountry "ESP"]
[Source "lmi"]
[SourceDate "2015.05.27"]
[WhiteClock "1:05:59"]
[BlackClock "0:32:25"]

1. d4 Nf6 2. Nf3 g6 3. c4 Bg7 4. Nc3 O-O 5. g3 d6 6. Bg2 c6 7. O-O Qa5 8. e4 e5
9. d5 cxd5 10. cxd5 Bd7 11. a3 Rc8 12. b4 Qd8 13. Bd2 a5 14. Qb3 Na6 15. Rab1
axb4 16. axb4 b5 17. Rfc1 Rc4 18. Bf1 Rxb4 19. Qc2 Rxb1 20. Rxb1 b4 21. Nb5 Rc8
22. Qa2 Bxb5 23. Bxb5 Nc5 24. Bxb4 Nfxe4 25. Nd2 f5 26. Nxe4 Nxe4 27. Qa6 Ra8
28. Qc6 Bf8 29. Ba6 Rb8 30. Bb7 Qe7 31. Ba3 Nd2 32. Rb2 Nf3+ 33. Kg2 Nd4 34.
Qa6 f4 35. Bc8 f3+ 36. Kf1 Rxb2 37. Bxb2 Qc7 38. Be6+ Nxe6 39. dxe6 Qc2 40. Qa1
Qc4+ 0-1

[Event "Madrid ch 2015"]
[Site "Madrid ESP"]
[Date "2015.06.09"]
[Round "13.2"]
[White "Martin Rodriguez, Emilio"]
[Black "Candela Perez, Jose"]
[Result "0-1"]
[WhiteElo "2394"]
[BlackElo "2432"]
[PlyCount "150"]
[EventDate "2015.05.27"]
[EventType "k.o."]
[EventRounds "5"]
[EventCountry "ESP"]
[Source "lmi"]
[SourceDate "2015.05.27"]
[WhiteClock "0:01:32"]
[BlackClock "0:06:00"]

1. e4 c5 2. Nf3 d6 3. d4 cxd4 4. Nxd4 Nf6 5. Nc3 a6 6. Be2 e6 7. f4 Qc7 8. O-O
Be7 9. Kh1 O-O 10. Bf3 Nc6 11. a4 Rb8 12. Be3 Re8 13. g4 Nxd4 14. Bxd4 e5 15.
fxe5 dxe5 16. Ba7 Ra8 17. g5 Rd8 18. Qe2 Ne8 19. Be3 Be6 20. Qf2 Rdc8 21. Rad1
Nd6 22. Nd5 Bxd5 23. Rxd5 Qxc2 24. Rxe5 Bf8 25. Qxc2 Rxc2 26. Bd4 Rc4 27. Rd5
Rxa4 28. Bg2 Re8 29. e5 Nb5 30. Be3 Nc7 31. Rd7 Re7 32. Rxe7 Bxe7 33. Rc1 Ne6
34. Bxb7 g6 35. Bd5 Bxg5 36. Rc8+ Kg7 37. Bxe6 Bxe3 38. Rc7 Rf4 39. Bd5 Rf5 40.
Bc4 Bf4 41. Bxa6 Bxe5 42. Rc2 Bd6 43. b3 Rd5 44. Bc4 Rd4 45. Kg2 f5 46. Ra2 Kf6
47. Re2 Kg5 48. Bg8 Rg4+ 49. Kf1 Rh4 50. Rg2+ Kf6 51. Kg1 g5 52. Re2 Be5 53.
Ra2 h5 54. Bc4 Rd4 55. Ra6+ Bd6 56. Ra2 g4 57. Kg2 f4 58. Ra5 f3+ 59. Kg1 Rd1+
60. Kf2 Rd2+ 61. Ke3 Rxh2 62. Ra6 Ke7 63. Ra7+ Kd8 64. Ra8+ Kc7 65. Ra7+ Kb8
66. Rh7 Bc5+ 67. Ke4 Rd2 68. Rxh5 Rd4+ 69. Ke5 Rxc4 70. bxc4 f2 71. Rh8+ Kb7
72. Rh7+ Kb6 73. Rf7 g3 74. Kd5 g2 75. Rf6+ Ka5 0-1

[Event "Madrid ch 2015"]
[Site "Madrid ESP"]
[Date "2015.06.10"]
[Round "14.1"]
[White "Moreno Ruiz, Javier"]
[Black "Ortega Ruiz, Jose Miguel"]
[Result "1-0"]
[WhiteElo "2463"]
[BlackElo "2285"]
[PlyCount "112"]
[EventDate "2015.05.27"]
[EventType "k.o."]
[EventRounds "4"]
[EventCountry "ESP"]
[Source "lmi"]
[SourceDate "2015.05.27"]
[WhiteClock "0:04:02"]
[BlackClock "0:44:47"]

1. d4 Nf6 2. c4 e6 3. Nc3 Bb4 4. e3 b6 5. Nge2 Bb7 6. a3 Be7 7. d5 d6 8. e4 c6
9. dxe6 fxe6 10. Nf4 Bc8 11. Be2 O-O 12. O-O e5 13. Nh5 Be6 14. Ng3 c5 15. f4
Nc6 16. Be3 Nd4 17. Nd5 Nxd5 18. exd5 Bd7 19. Bd3 Qe8 20. fxe5 dxe5 21. Rxf8+
Bxf8 22. Ne4 Bf5 23. Bxd4 Bxe4 24. Bc3 Qg6 25. Bxe4 Qxe4 26. Qf1 Bd6 27. Re1
Qg4 28. Qe2 Qxe2 29. Rxe2 Re8 30. Kf2 e4 31. g3 g6 32. Ke3 Bf8 33. Rf2 Bh6+ 34.
Ke2 Rf8 35. a4 Re8 36. h3 Bf8 37. Rf6 Bg7 38. Rc6 Bd4 39. Rc7 Rf8 40. Re7 e3
41. Re4 Rf2+ 42. Kd3 Kf7 43. Bxd4 cxd4 44. Kxd4 Rxb2 45. Rxe3 Rd2+ 46. Ke5 Ke7
47. a5 Rb2 48. axb6 axb6 49. Kd4+ Kd7 50. Re6 Rb3 51. h4 Rxg3 52. Rxb6 Rg4+ 53.
Kc5 Rxh4 54. Rb7+ Kc8 55. Rg7 Kd8 56. Kd6 Kc8 1-0

[Event "Madrid ch 2015"]
[Site "Madrid ESP"]
[Date "2015.06.10"]
[Round "14.2"]
[White "Candela Perez, Jose"]
[Black "Martin Duque, Jesus"]
[Result "1/2-1/2"]
[WhiteElo "2432"]
[BlackElo "2394"]
[PlyCount "117"]
[EventDate "2015.05.27"]
[EventType "k.o."]
[EventRounds "4"]
[EventCountry "ESP"]
[Source "lmi"]
[SourceDate "2015.05.27"]
[WhiteClock "0:04:45"]
[BlackClock "0:09:21"]

1. d4 Nf6 2. c4 c6 3. Nc3 d5 4. Nf3 dxc4 5. a4 Bf5 6. e3 e6 7. Bxc4 Bb4 8. O-O
O-O 9. Nh4 Bg4 10. f3 Bh5 11. g4 Bg6 12. Nxg6 hxg6 13. Qb3 Qe7 14. e4 Nbd7 15.
Na2 Ba5 16. Be3 Bb6 17. a5 Bxa5 18. Qxb7 Bb6 19. Kh1 e5 20. Qxc6 Rac8 21. Qa4
exd4 22. Bg5 Nc5 23. Qa3 Qe5 24. Bxf6 gxf6 25. Nb4 Kg7 26. Nd3 Nxd3 27. Qxd3
Qf4 28. b3 Rh8 29. Ra2 Rh4 30. Qd2 Qd6 31. Qd3 Rch8 32. Rff2 Bc7 33. Qe2 d3 34.
Bxd3 Bb6 35. Rg2 Qd4 36. Qf1 Rh3 37. e5 Qxe5 38. Be4 Qf4 39. Qd1 Bc7 40. Qd2
Rxf3 41. Qxf4 Rxf4 42. Bd3 Bb6 43. Be2 Rh3 44. Rg3 Rxg3 45. hxg3 Rf2 46. b4 f5
47. gxf5 Rxf5 48. Kg2 Kh6 49. Bc4 f6 50. Re2 Kg5 51. Rd2 Re5 52. Rd5 Rxd5 53.
Bxd5 Kf5 54. Kf3 Ke5 55. Bf7 Kf5 56. g4+ Kg5 57. b5 f5 58. gxf5 gxf5 59. Bc4
1/2-1/2

[Event "Madrid ch 2015"]
[Site "Madrid ESP"]
[Date "2015.06.11"]
[Round "15.1"]
[White "Ortega Ruiz, Jose Miguel"]
[Black "Moreno Ruiz, Javier"]
[Result "1/2-1/2"]
[WhiteElo "2285"]
[BlackElo "2463"]
[PlyCount "37"]
[EventDate "2015.05.27"]
[EventType "k.o."]
[EventRounds "4"]
[EventCountry "ESP"]
[Source "lmi"]
[SourceDate "2015.05.27"]
[WhiteClock "1:16:00"]
[BlackClock "1:06:25"]

1. d4 Nf6 2. c4 e6 3. e3 d5 4. Nf3 a6 5. Nc3 dxc4 6. Bxc4 b5 7. Bd3 c5 8. O-O
Bb7 9. Qe2 Nbd7 10. Rd1 Qb8 11. e4 cxd4 12. Nxd4 Bd6 13. Nf3 O-O 14. Bg5 h6 15.
Bh4 Ng4 16. h3 Nge5 17. Bc2 Ng6 18. Qd2 Nde5 19. Qxd6 1/2-1/2